00803nam a2200181 i 450000100060000000300090000600500170001500700030003200800410003510000270007624503310010326000310043430000220046570000340048770000250052171000510054685200240059759232ES-MaACL20230906164006.0t|031028s1903 fr ||||1| fre d1 aEichthal, Eugène d'.13aLa Solidarité sociale et ses nouvelles formules / cpar M. Eugène d'Eichthal. La Solidarité sociale comme principe des lois / par M. Charles Brunot. Observations par MM. Frédéric Passy, Paul Leroy-Beaulieu, Levasseur, Albert Sorel, Juglar, Boutroux, Cheysson, Eugène Rostand, de Tarde, Glasson et René Stourm,... aParís : b[s.n., c1903] a198 p. ; c19 cm.1 aBrunot, Charles (d1856-1931)0 aPassy, Frédéric.2 aLigue Internationale et Permanente de la Paix. aES-MaACLj1498-F-10